00664nam a2200241 a 4500001001300000003000900013005001700022008004100039020001000080082001600090100002400106245002200130260003300152300000800185500003500193505003300228650001100261700002400272902000800296942000700304952009600311999001500407nice12345678IN_TiNIC20260116011539.0050524s1927 egya grp 000 0 ara  ac10000a297.4bMOH1 aMohiuddin, Zakariya aBoostanul Arifeen aEgyptnbMuneeria Pressc1927 a71p aincludes index and biblioraphy2 aBound one Volumes Part 1 & 2 aSufism1 aMohiuddin, Zakariya bSRS cBK 00104070aHMIbHMId2007-09-19g100.00l0o297.4 MOH1p4705r2007-09-19w2026-01-16yARB c2527d2527